| 000 | 00712nam a2200181Ia 4500 | ||
|---|---|---|---|
| 008 | 100921s9999 xx 000 0 und d | ||
| 082 |
_b34600 _a891.463 न 02 |
||
| 100 | _aपचिंद्रे श्रीराम ग. | ||
| 245 | _aभ्रष्टासुरांच्या कथा. | ||
| 260 |
_bराजश्री प्रकाशन,पुणे. _c2002 |
||
| 300 |
_a174 _bजयेश एजन्सी,पुणे. |
||
| 365 | _b155 | ||
| 520 | _aललित-कथा. | ||
| 630 | _aभ्रष्टासुरांच्या कथा. | ||
| 650 | _aललित-कथा. | ||
| 730 | _aभ्रष्टासुरांच्या कथा. | ||
| 942 | _cBOOK | ||
| 999 |
_c783713 _d783710 |
||